Paroles Homeless - Statistiques

Statistiques générales
  • Ce quiz a été pris 162 fois
  • Le résultat moyen est 128 sur 212
Statistiques - réponses
Réponse % Correct
homeless
97%
I
97%
a
95%
In
87%
in
87%
this
84%
This
84%
where
80%
and
78%
And
78%
I'm
78%
go
74%
me
74%
my
74%
My
74%
house
73%
the
73%
le
71%
it
69%
know
67%
But
64%
but
64%
up
64%
grew
62%
let
60%
rest
59%
best
57%
won't
57%
bed
55%
to
55%
am
54%
broken
51%
is
47%
when
46%
Can
45%
can
45%
grows
45%
chest
44%
hunger
44%
that
44%
with
44%
burns
42%
have
42%
heart
42%
place
42%
chairs
40%
night
40%
so
40%
head
37%
skin
37%
like
36%
feeling
34%
on
33%
what
33%
cups
32%
far
32%
they
32%
call
31%
darkness
31%
before
30%
birds
29%
doors
29%
down
29%
fly
29%
into
29%
outside
29%
three
29%
upon
29%
many
28%
own
28%
Nobody
27%
tell
26%
never
25%
ceiling
24%
gone
24%
nights
24%
will
24%
knows
23%
room
23%
find
22%
Lay
22%
Memories
22%
mind
22%
travel
22%
til
19%
behind
18%
That's
17%
Try
17%
day
16%
leave
16%
floors
14%
peace
14%
through
14%
piled
13%
cozy
11%
steps
10%
Heavy
8%
hardwood
6%
Aucun quiz correspondant
Distribution des résultats
% des personnes avec chaque résultat
Percentile par nombre de réponses
Votre historique - résultats
Vous n’avez pas pris ce quiz